000 00901nab a2200265 u 4500
001 21446
003 HDC
007 cr bn ---aaaaa
008 210308c20101028xx dr|noo 0 a eng d
040 _aHDC
100 _aMaffei, Yvonne
_eauthor
_918974
245 0 _aUSA: MyHalalKitchen Meets Saffron Road's Chief Halal Officer / by
_cYvonne Maffei
260 _a[No place] :
_b[publisher not identified],
_c2010
300 _a1 online resource
336 _atext
_2rdacontent
337 _acomputer
_2rdamedia
338 _aonline resource
_2rdacarrier
650 _ahalal food
_950
650 _aHalal-eating Muslims
_918975
710 _aMyHalalKitchen.com
856 _zRequest full-text at [email protected]
942 _2lcc
942 _cNEWS
942 _kNWSO 006565
999 _c18762
_d18762